LEADER 01273nam 2200349 450 001 9910157444603321 005 20230617023602.0 035 $a(CKB)3710000000984193 035 $a(MiAaPQ)EBC4773747 035 $a(EXLCZ)993710000000984193 100 $a20170116h20052005 uy 0 101 0 $aeng 135 $aurcnu|||||||| 181 $2rdacontent 182 $2rdamedia 183 $2rdacarrier 200 14$aThe Acts of the Apostles /$fDennis Hamm, S.J 210 1$aCollegeville, Minnesota :$cLiturgical Press,$d2005. 210 4$d©2005 215 $a1 online resource (66 pages) $cillustrations, maps 225 1 $aNew Collegeville Bible Commentary. New Testament ;$vVolume 5 330 $a"Complete biblical texts with sound, scholarly based commentary that is written at a pastoral level; the Scripture translation is that of the New American Bible with Revised New Testament and Revised Psalms (1991)"--Provided by publisher. 410 0$aNew Collegeville Bible commentary.$pNew Testament ;$vVolume 5. 676 $a226.6/077 700 $aHamm$b M. Dennis$01237657 801 0$bMiAaPQ 801 1$bMiAaPQ 801 2$bMiAaPQ 906 $aBOOK 912 $a9910157444603321 996 $aThe Acts of the Apostles$92872926 997 $aUNINA LEADER 02091oas 2200877 a 450 001 9910216944603321 005 20251105213014.0 035 $a(DE-599)ZDB2227219-7 035 $a(OCoLC)65300812 035 $a(CONSER) 2007252533 035 $a(CKB)1000000000221363 035 $a(EXLCZ)991000000000221363 100 $a20060330a20039999 sy 101 0 $aeng 135 $aurmn||||||||| 181 $ctxt$2rdacontent 182 $cc$2rdamedia 183 $acr$2rdacarrier 200 00$aHistory compass 210 $a[England] $cBlackwell Synergy 210 3 $a[England?] $cWiley-Blackwell 300 $aRefereed/Peer-reviewed 300 $a"Peer reviewed survey articles from across the discipline." 311 08$a1478-0542 606 $aWorld history$vPeriodicals 606 $aHistory$vPeriodicals 606 $aHistoire$vPe?riodiques 606 $aHistory$2fast$3(OCoLC)fst00958235 606 $aWorld history$2fast$3(OCoLC)fst01181345 606 $aHistòria$2thub 608 $aElectronic reference sources. 608 $aPeriodicals.$2fast 608 $aPeriodicals.$2lcgft 608 $aRevistes electròniques.$2thub 615 0$aWorld history 615 0$aHistory 615 6$aHistoire 615 7$aHistory. 615 7$aWorld history. 615 7$aHistòria. 676 $a909 801 0$bOI@ 801 1$bOI@ 801 2$bWAU 801 2$bMUQ 801 2$bAU@ 801 2$bOCLCQ 801 2$bDLC 801 2$bZCU 801 2$bOCLCQ 801 2$bSNU 801 2$bGWDNB 801 2$bDEBBG 801 2$bUKMGB 801 2$bOCLCF 801 2$bOCLCO 801 2$bOCLCQ 801 2$bOCLCO 801 2$bOCLCQ 801 2$bOCL 801 2$bOCLCO 801 2$bBUF 801 2$bOCLCQ 801 2$bVT2 801 2$bFIE 801 2$bNJT 801 2$bOCLCQ 801 2$bUBY 801 2$bOCLCO 801 2$bOCLCL 801 2$bSFB 801 2$bOCLCQ 906 $aJOURNAL 912 $a9910216944603321 996 $aHistory compass$92070753 997 $aUNINA